| 000 | 00723nam a22001937a 4500 | ||
|---|---|---|---|
| 005 | 20100603141920.0 | ||
| 008 | 100603t xxu||||| |||| 00| 0 eng d | ||
| 010 | _aENG-96285 | ||
| 020 |
_a9788178795676 _c595.00 |
||
| 035 | _aEN-79818 | ||
| 037 | _bDBAD/PUB | ||
| 040 |
_aDPL _bENG |
||
| 245 |
_aSports Journalism / _cedited and compiled by Prasidh Kumar Mishra |
||
| 260 |
_aNew Delhi _bSports Publication _c2010 |
||
| 300 |
_a288p.; _c22 cm.(Hb) |
||
| 500 | _aincludes bibliographical reference and index | ||
| 942 |
_2ddc _cEN _m070.449796 SPO |
||
| 999 |
_c36537 _d36537 |
||